000
00360nam a2200133Ia 4500
008
151001s9999||||xx |||||||||||||| ||und||
100
_a
मीरा
245
_a
उन्हं पेटलीत तरी हि
250
_a
1
260
_b
अभिनंदन बुक डेपो
260
_c
2008
300
_a
138
365
_b
18
999
_c
995524
_d
995521